| 000 | 00525nam a22001937a 4500 | ||
|---|---|---|---|
| 003 | MPLRDC | ||
| 005 | 20220104202321.0 | ||
| 008 | 210129b ||||| |||| 00| 0 eng d | ||
| 020 | _a978-986-133-565-0 | ||
| 082 | _a528.21 MM | ||
| 100 | _a米米 文 | ||
| 245 |
_a妈啊,一下迷路一下爆走 _c迷路 绘 |
||
| 250 | _a初版四刷 | ||
| 260 |
_a台湾 _b圆神出版社有限公司 _c2017 |
||
| 300 | _b平 | ||
| 520 | _a上架 2017-12-16。 | ||
| 650 | _a子女教育;亲子教育 | ||
| 942 |
_cBK _o528.21 MM |
||
| 999 |
_c67589 _d67579 |
||